| LEADER |
00708nam0a2200205 450 |
| 001 |
16827353 |
| 010 |
|
|
|a 978-2-8001-6743-5
|b rel.
|d 9,95
|
| 100 |
|
|
|a 20170313d2017 u u0frey01 ba
|
| 101 |
0 |
|
|a fre
|
| 102 |
|
|
|a BE
|
| 200 |
0 |
|
|a début du commencement (Le)
|f dessin, Brice Cossu
|g scénario, Olivier Bocquet - couleurs, Yoann Guillo
|
| 207 |
|
1 |
|a
|
| 210 |
|
|
|a Paris
|b 57, bd de La Villette
|c Dupuis
|d 2017
|
| 225 |
1 |
|
|a Frnck
|v 1
|
| 461 |
|
0 |
|t Frnck
|v 1
|
| 700 |
|
0 |
|a Cossu
|b Brice
|f 1980-....
|4 70
|
| 701 |
|
0 |
|a Bocquet
|b Olivier
|f 1974-....
|4 70
|
| 900 |
|
|
|a Bande Dessinée enfant ado
|
| 901 |
|
|
|a Accessible au prêt
|
| 995 |
|
|
|a Bibliothèque
|c Bibliothèque
|f 024017838
|h 024017838
|k BD COS
|o p
|q j
|r az
|e Bibliothèque
|